01115nam a22003137a 450000100060000000300090000600500170001500700030003200800320003502000150006704000300008208200240011210000410013624501080017726400400028530000310032533600270035633700350038333800300041849000310044859000250047965000310050465000330053570000350056891000400060394200120064395201310065599900150078600260DO-SdBPM20250704142048.0ta151207b1999 |||| 00| 0 spa d a848916343X aDO-SdBPMbspacBPMSUerda 4a823bC319a 19992221 aCarroll, Lewis, d1832-1898.eautor 10aLas aventuras de Alicia en el país de las maravillas /cLewis Carroll ; traducción Ramón Buckley. aMadrid : bJ. M. Ediciones, c1999. a122 páginas . ; c19 cm. atextobtxt2rdacontent asin mediación bn2rdamedia  avolumen bnc2rdacarrier 0 aClásicos universales,v8 aInventarido, 2025/VM 7aCuentos Juveniles ingleses 7aAventurasvCuentos juveniles1 aBuckley, Ramón, etraductor  aVMateo V. Control de calidad. BPMSU 2ddccBK 00102ddc708CGaBPMETbBPMETd2015-12-07eDonaciónl0oBPMSU CJG 823 C319a 1999pBPMSU15120044r2015-12-07w2015-12-07yBK c9010d9010